logo

Bir Sreshtho Munshi Abdur Rouf Library
Jhenaidah Cadet College

অগ্নিঝরা জবানবন্দি / (Record no. 10916)

MARC details
000 -LEADER
fixed length control field 00696nam a2200229 a 4500
001 - CONTROL NUMBER
JCCL Control Number 10916
003 - CONTROL NUMBER IDENTIFIER
JCCL marc code BD-JhCC
005 - DATE AND TIME OF LATEST TRANSACTION
control field 20190622081942.0
008 - FIXED-LENGTH DATA ELEMENTS--GENERAL INFORMATION
fixed length control field 190528b2017 bd ||||| a||| 00| 0 eng d
020 ## - INTERNATIONAL STANDARD BOOK NUMBER
International Standard Book Number 9847016400891
035 ## - SYSTEM CONTROL NUMBER
system control number (BD-JhCC)10916
040 ## - CATALOGING SOURCE
Original cataloging agency BD-JhCC
Modifying agency BD-JhCC
041 ## - LANGUAGE CODE
Language code of Book ben
082 ## - DEWEY DECIMAL CLASSIFICATION NUMBER
Author mark and Year AHM 2017
Classification number 891.4409
100 ## - MAIN ENTRY--PERSONAL NAME
Personal name আহমেদ, সালেহ
245 ## - TITLE STATEMENT
Title অগ্নিঝরা জবানবন্দি /
Statement of responsibility, etc সালেহ আহমেদ,
260 ## - PUBLICATION, DISTRIBUTION, ETC. (IMPRINT)
Place of publication, distribution, etc ঢাকা:
Name of publisher, distributor, etc আফসার ব্রাদার্স;
Date of publication, distribution, etc ২০১৭.
300 ## - PHYSICAL DESCRIPTION
Pagination 155 p.:
Dimensions 22 cm.
650 ## - SUBJECT ADDED ENTRY--TOPICAL TERM
Topical term or geographic name as entry element Criticism
Form subdivision Bengali Literature
942 ## - ADDED ENTRY ELEMENTS (KOHA)
Source of classification or shelving scheme Dewey Decimal Classification
Koha item type Books
Holdings
Source of classification or shelving scheme Damaged status Not for loan Home library Current library Shelving location Date of accession Cost, normal purchase price Total Checkouts Full call number Barcode Date last seen Copy number Koha item type
Dewey Decimal Classification     JCC Rouf Library JCC Rouf Library General Stacks 06/17/2019 140.00   891.4409 AHM 2017 14873 05/28/2019 C-1 Books

JCC Library | Contacts | JCC Home

Last Update on 23 September 2017
Copyright @ 2017-2020 JCC Rouf Library
Rouf Library, Jhenidah Cadet College (JCC), Bangladesh